Entrepreneurship : theory, process, practice (Record no. 4713)

000 -LEADER
fixed length control field 00759 a2200217 4500
020 ## - INTERNATIONAL STANDARD BOOK NUMBER
International Standard Book Number 0-324-32341-7 (student ed.)
020 ## - INTERNATIONAL STANDARD BOOK NUMBER
International Standard Book Number 0-324-36237-4 (instructor's ed.)
020 ## - INTERNATIONAL STANDARD BOOK NUMBER
International Standard Book Number 0-324-36196-3 (2007 : ISE)
040 ## - CATALOGING SOURCE
Original cataloging agency DLC
Language of cataloging DLC
082 00 - DEWEY DECIMAL CLASSIFICATION NUMBER
Classification number 658.4/21
100 1# - MAIN ENTRY--PERSONAL NAME
Personal name Kuratko, Donald F.
245 10 - TITLE STATEMENT
Title Entrepreneurship : theory, process, practice
Remainder of title theory, process, practice
Statement of responsibility, etc. Donald F. Kuratko, Richard M. Hodgetts
250 ## - EDITION STATEMENT
Edition statement 7. ed.
260 ## - PUBLICATION, DISTRIBUTION, ETC.
Place of publication, distribution, etc. Mason, Ohio :
Name of publisher, distributor, etc. Thomson South-Western,
Date of publication, distribution, etc. 2006
300 ## - PHYSICAL DESCRIPTION
Extent xxxiii, 757 s. :
Other physical details diagr., tab.
650 #0 - SUBJECT ADDED ENTRY--TOPICAL TERM
Topical term or geographic name entry element Entrepreneurship
Geographic subdivision United States.
650 #0 - SUBJECT ADDED ENTRY--TOPICAL TERM
Topical term or geographic name entry element New business enterprises
Geographic subdivision United States.
650 #0 - SUBJECT ADDED ENTRY--TOPICAL TERM
Topical term or geographic name entry element Small business
Geographic subdivision United States.
700 1# - ADDED ENTRY--PERSONAL NAME
Personal name Hodgetts, Richard M.
942 ## - ADDED ENTRY ELEMENTS (KOHA)
Koha item type Book
Call number prefix 658.421 KUR
Source of classification or shelving scheme
Holdings
Withdrawn status Lost status Damaged status Not for loan Collection code Permanent Location Current Location Shelving location Date acquired Source of acquisition Cost, normal purchase price Total Checkouts Full call number Barcode Date last seen Date last checked out Price effective from Koha item type
          Central Library (CL) Central Library (CL) General Stacks 01/10/2007 Progressive International Agencies 7779.24 1 658.421 KUR SEECS007965 05/17/2019 12/08/2018 01/05/2017 Book
          Central Library (CL) Central Library (CL) General Stacks 01/10/2006 Progressive International Agencies 7779.24 2 658.421 KUR SEECS007966 05/14/2025 02/03/2025 01/05/2017 Book
          Central Library (CL) Central Library (CL) General Stacks 01/10/2007 Progressive International Agencies 7779.24 1 658.421 KUR SEECS007967 09/14/2019 03/08/2019 01/05/2017 Book
© 2023 Central Library, National University of Sciences and Technology. All Rights Reserved.